Statistics for Movie Questions.

Click here to take the quiz!

General Stats

  • This quiz has been taken 318 times
  • The average score is 5 of 21

Answer Stats

HintAnswer% Correct
You talkin' to me?Taxi Driver
80%
What's in the box?Se7en
67%
They speak English in What?Pulp Fiction
48%
Wait, there's a guy on our team who dresses like a pirate?Dodgeball: A True Underdog Story
47%
You don't tip?Reservoir Dogs
46%
Do you have any vacancies?Psycho
45%
What’s the most you ever lost in a coin toss?No Country For Old Men
43%
Have you any idea why a raven is like a writing desk?Alice In Wonderland
21%
Is It Safe?Marathon Man
19%
What about the Twinkie?Ghostbusters
18%
Can you get me off the hook, Tom?The Godfather
17%
Is this heaven?Field Of Dreams
14%
Have you checked the children?When A Stranger Calls
11%
You think you kill me with bullets?Scarface
9%
Where is pancakes house?Fargo
8%
Was that the boogey man?Halloween
8%
Who's On First?Rain Man
8%
What, the curtains?Monty Python And The Holy Grail
7%
Your friends might get me in a rush, but not before I make your head into a canoe, you understand me?Tombstone
6%
Rules? In a knife fight?Butch Cassidy And The Sundance Kid
4%
Man, what are you doing with a gun in space?Armegeddon
3%

Score Distribution

Percentile by Number Answered

Percent of People with Each Score

Your Score History

You have not taken this quiz